[Event "Thessaloniki Aris CC Summer op 1st"]
[Site "Thessaloniki"]
[Date "2023.06.17"]
[Round "4"]
[White "Tziotzios, Dimitrios"]
[Black "Pantziarelas, Georgios Dimitrios"]
[Result "1-0"]
[WhiteElo "1530"]
[BlackElo "1558"]
[PlyCount "81"]
[EventDate "2023.06.16"]
[EventType "swiss"]
[EventRounds "7"]
[EventCountry "GRE"]
[SourceTitle "EXT 2024"]
[Source "ChessBase"]
[SourceDate "2023.10.10"]
[SourceVersion "1"]
[SourceVersionDate "2023.10.10"]
[SourceQuality "1"]

1. d4 Nf6 2. c4 g6 3. Nf3 Bg7 4. g3 c5 5. Bg2 cxd4 6. Nxd4 Nc6 7. Nc3 Nxd4 8. Qxd4 0-0 9. 0-0 d6 10. Qh4 Qb6 11. Rb1 Bf5 12. e4 Be6 13. Nd5 Bxd5 14. exd5 Qa6 15. a3 b5 16. Re1 Rfe8 17. Bf1 bxc4 18. Qxc4 Qxc4 19. Bxc4 Rec8 20. b3 Rab8 21. Bd2 Nd7 22. Rxe7 Ne5 23. Be2 Rc2 24. Rd1 Kf8 25. Rxa7 Rxb3 26. Kf1 Rbb2 27. Ke1 Nc4 28. Bxc4 Rxc4 29. Rc1 Rxc1+ 30. Bxc1 Bc3+ 31. Kd1 Rxf2 32. Bf4 Be5 33. Bxe5 dxe5 34. a4 Rxh2 35. d6 Ke8 36. a5 e4 37. a6 e3 38. Re7+ Kd8 39. a7 Rd2+ 40. Ke1 Ra2 41. Rxf7 1-0

[Event "Thessaloniki-Chalkidiki-chT"]
[Site "Thessaloniki"]
[Date "2022.03.13"]
[Round "3"]
[White "Tziotzios, Dimitrios"]
[Black "Giannopoulou, Anastasia"]
[Result "0-1"]
[WhiteElo "1487"]
[BlackElo "1553"]
[PlyCount "100"]
[EventDate "2022.02.20"]
[EventType "team-tourn"]
[EventRounds "7"]
[EventCountry "GRE"]
[SourceTitle "EXT 2024"]
[Source "ChessBase"]
[SourceDate "2023.10.10"]
[SourceVersion "1"]
[SourceVersionDate "2023.10.10"]
[SourceQuality "1"]

1. d4 Nf6 2. c4 c5 3. d5 b5 4. cxb5 a6 5. b6 d6 6. Nc3 g6 7. g3 Bg7 8. Bg2 0-0 9. Nf3 Nbd7 10. 0-0 Nxb6 11. e4 Nfd7 12. Bf4 Nc4 13. Qe2 Nce5 14. Nxe5 Nxe5 15. h3 a5 16. a4 Ba6 17. Nb5 Qd7 18. Bd2 Qd8 19. f4 Nd7 20. Bc3 Rb8 21. Rfe1 Qb6 22. Bxg7 Kxg7 23. e5 dxe5 24. fxe5 c4+ 25. Kh2 Bxb5 26. axb5 Qxb5 27. d6 exd6 28. exd6 Nc5 29. Qe5+ Kg8 30. Qd4 Nb3 31. Qf4 Nxa1 32. Rxa1 Qxb2 33. Rxa5 c3 34. d7 Qb4 35. Qxb4 Rxb4 36. Rc5 Rd4 37. Rxc3 Rxd7 38. g4 g5 39. Be4 Re7 40. Bf5 Rfe8 41. Kg3 Re3+ 42. Rxe3 Rxe3+ 43. Kg2 Kg7 44. Kh2 h6 45. Kg2 Kf6 46. Bc8 Ke5 47. Bb7 Kf4 48. Ba6 Ra3 49. Bc4 f6 50. Kf2 Rxh3 0-1

[Event "Thessaloniki Vardaris op 6th"]
[Site "Thessaloniki"]
[Date "2020.03.01"]
[Round "5"]
[White "Tziotzios, Dimitrios"]
[Black "Tsironis, Alexandros"]
[Result "0-1"]
[WhiteElo "1473"]
[BlackElo "1962"]
[PlyCount "46"]
[EventDate "2020.02.27"]
[EventType "swiss"]
[EventRounds "7"]
[EventCountry "GRE"]
[SourceTitle "CBM 195 Extra"]
[Source "ChessBase"]
[SourceDate "2020.05.31"]
[SourceVersion "1"]
[SourceVersionDate "2020.05.31"]
[SourceQuality "1"]

1. d4 g6 2. g3 Bg7 3. Bg2 d6 4. c4 Nf6 5. Nc3 0-0 6. Nf3 Nc6 7. 0-0 a6 8. h3 Nd7 9. e4 e5 10. d5 Ne7 11. Be3 a5 12. Qd2 b6 13. Ne1 f5 14. Nd3 Nf6 15. f3 Nh5 16. Ne2 Kh8 17. Rab1 Ng8 18. b3 Nxg3 19. Nxg3 f4 20. Nxf4 exf4 21. Bxf4 Rxf4 22. Qxf4 Bh6 23. Qf7 Be3+ 0-1

[Event "Thessaloniki-Chalkidiki-chT B local"]
[Site "Thessaloniki"]
[Date "2019.02.10"]
[Round "4.4"]
[White "Ifoulis, Antonios"]
[Black "Tziotzios, Dimitrios"]
[Result "1-0"]
[WhiteElo "1377"]
[BlackElo "1485"]
[PlyCount "81"]
[EventDate "2019.01.13"]
[EventType "team-swiss"]
[EventRounds "9"]
[EventCountry "GRE"]
[SourceTitle "EXT 2020"]
[Source "ChessBase"]
[SourceDate "2019.10.17"]
[SourceVersion "1"]
[SourceVersionDate "2019.10.17"]
[SourceQuality "1"]

1. e4 e6 2. d3 d5 3. Nd2 c5 4. g3 Nc6 5. Bg2 Nf6 6. Ngf3 Be7 7. 0-0 dxe4 8. dxe4 0-0 9. e5 Nd5 10. c3 Qc7 11. Re1 Rd8 12. Qc2 h6 13. h4 b5 14. Nf1 Bb7 15. N1h2 Nb6 16. Ng4 c4 17. Bf4 Na4 18. Qc1 Nc5 19. Bf1 Nd3 20. Bxd3 Rxd3 21. Re3 Nb4 22. cxb4 Bxf3 23. Nxh6+ gxh6 24. Rxd3 Qb7 25. Rd4 Bh1 26. Qf1 Bxb4 27. Bxh6 Kh7 28. Bg5 Bc5 29. Rd8 Qf3 30. Qb1+ Kg7 31. Bf6+ Kh6 32. Qc1+ Kh7 33. Qf1 Rxd8 34. Bxd8 Bd4 35. Re1 Bxb2 36. Re3 Qd5 37. Ba5 Bxe5 38. Rxe5 Qxe5 39. Kxh1 c3 40. Qd3+ Kg8 41. Bxc3 1-0